000 00663nam a2200205Ii 4500
003 JO-AjNU
008 230605s9999||||xx |||||||||||||| ||und||
040 _aJO-AjNU
_bara
_erda
_cJO-AjNU
041 _aara
050 1 4 _aBP53.N2.1988
100 3 _aالندوي،أبو الحسن علي الحسني ,
_eauthor
_910762
245 0 0 _aماذا خسر العالم بإنحطاط المسلمين؟
250 _aط7
264 3 1 _aد.م:دار المعارف ،1988
300 _a303ص
336 _atext
_btxt
_2rdacontent
337 _aunmediated
_bn
_2rdamedia
338 _avolume
_bnc
_2rdacarrier
650 4 _aالعالم الاسلامي-تاريخ
_910763
999 _aA1973
_c5541
_d5541